Library Banner

Science & Christianity a partnership (Record no. 52265)

MARC details
000 -LEADER
fixed length control field 00480nam a2200181Ia 4500
001 - CONTROL NUMBER
control field 54898
008 - FIXED-LENGTH DATA ELEMENTS--GENERAL INFORMATION
fixed length control field 140505s9999 xx 000 0 und d
020 ## - INTERNATIONAL STANDARD BOOK NUMBER
International Standard Book Number NA
040 ## - CATALOGING SOURCE
Transcribing agency PK-LaUMT
082 ## - DEWEY DECIMAL CLASSIFICATION NUMBER
Classification number MAL 261.55
Item number CLA-S
100 ## - MAIN ENTRY--PERSONAL NAME
Personal name Clark, Robert E. D.
245 ## - TITLE STATEMENT
Title Science & Christianity a partnership
Statement of responsibility, etc Clark, Robert E. D.
260 ## - PUBLICATION, DISTRIBUTION, ETC. (IMPRINT)
Place of publication, distribution, etc Litho,USA:
Name of publisher, distributor, etc Pacific press publishing association,
Date of publication, distribution, etc 1972
300 ## - PHYSICAL DESCRIPTION
Extent 192 p.
546 ## - LANGUAGE NOTE
Language note EN
650 ## - SUBJECT ADDED ENTRY--TOPICAL TERM
Topical term or geographic name as entry element Science-religion
942 ## - ADDED ENTRY ELEMENTS (KOHA)
Koha item type Books
Holdings
Withdrawn status Lost status Damaged status Not for loan Home library Current library Date acquired Total Checkouts Full call number Barcode Date last seen Price effective from Koha item type
        UMT Main Campus UMT Main Campus 2014-05-05   MAL 261.55 CLA-S 75775 2014-05-08 2014-05-08 Books